Sports Quiz

Random Sports or Soccer Quiz

Premier League's Most Red Cards Quiz Stats

 Plays Quiz Updated May 31, 2019

Score 0/41 Timer 06:00
1 Play Today
Red Cards Player % Correct
7Roy Keane
79.1%
6Joey Barton
64.4%
6Steven Gerrard
63.9%
6John Terry
61.7%
7Alan Smith
58.6%
8Duncan Ferguson
57.8%
6Gareth Barry
57.5%
8Patrick Vieira
55.7%
6Vinnie Jones
55.2%
6Andrew Cole
45.9%
6Nicky Butt
45.1%
5Dennis Wise
43.7%
6Nemanja Vidić
43.6%
8Richard Dunne
42.2%
5Wes Brown
36.9%
5Scott Parker
25.8%
5Mark Noble
25.5%
5Ryan Shawcross
22.4%
5David Batty
22.4%
6John Hartson
21.7%
7Lee Cattermole
20.3%
Red Cards Player % Correct
5Dion Dublin
19.8%
5Tom Huddlestone
19.2%
5Lee Bowyer
18.8%
5Nikos Dabizas
17.9%
6Luis Boa Morte
15.1%
5Frank Sinclair
15%
5Tugay Kerimoglu
14.6%
6Martin Keown
12.7%
5Francis Benali
10%
5Laurent Koscielny
9%
6Younès Kaboul
8.4%
5Ugo Ehiogu
8%
5Don Hutchison
7.1%
5George Boateng
6.6%
5Franck Queudrue
6.5%
5Jason Wilcox
5.9%
5Carlton Palmer
5.5%
6Paul Konchesky
5.1%
5Frank Leboeuf
4.7%
5Steve Lomas
3.6%

You're not logged in!

Compare scores with friends on all Sporcle quizzes.
OR
Log In

Sporcle TV

Today on Sporcle TV


Watch our educational content, quiz creation guides, and fun videos on Sporcle TV.

Show Comments

Extras

Top Quizzes Today


Score Distribution

Your Account Isn't Verified!

In order to create a playlist on Sporcle, you need to verify the email address you used during registration. Go to your Sporcle Settings to finish the process.

Report this User

Report this user for behavior that violates our Community Guidelines.

Details: